La América anglosajona : (Record no. 2416)

MARC details
000 -CABECERA
campo de control de longitud fija 00675nam a2200217 a 4500
005 - FECHA Y HORA DE LA ÚLTIMA TRANSACCIÓN
campo de control 20210223120512.0
008 - ELEMENTOS DE LONGITUD FIJA--INFORMACIÓN GENERAL
campo de control de longitud fija 991125s1975 es 000 0 spa u
020 ## - NÚMERO INTERNACIONAL NORMALIZADO PARA LIBROS
Número Internacional Estándar del Libro 8433593536
035 ## - NÚMERO DE CONTROL DEL SISTEMA
Número de control de sistema UPN01000002416
049 ## - COLECCIÓN
Colección CG
050 #4 - SIGNATURA TOPOGRÁFICA DE LA BIBLIOTECA DEL CONGRESO
Número de clasificación E45
Número de documento/Ítem F6.28 1975
100 1# - ASIENTO PRINCIPAL--NOMBRE PERSONAL
Nombre de persona Fohlen, Claude
245 13 - MENCIÓN DE TÍTULO
Título La América anglosajona :
Resto del título de 1815 a nuestros días /
Mención de responsabilidad, etc. Claude Fohlen ; tr. Enrique Irazoqui.
250 ## - MENCIÓN DE EDICIÓN
Mención de edición 2a ed.
260 ## - PUBLICACIÓN, DISTRIBUCIÓN, ETC.
Lugar de publicación, distribución, etc. Barcelona, Esp. :
Nombre del editor, distribuidor, etc. Labor,
Fecha de publicación, distribución, etc. 1975.
300 ## - DESCRIPCIÓN FÍSICA
Extensión 316 p. :
Otras características físicas mapas
440 #0 - MENCIÓN DE SERIE/ASIENTO SECUNDARIO--TÍTULO
Título Nueva clío.
Nombre de parte o sección de la obra La historia y sus problemas ;
Designación de volumen o secuencia 43
651 #4 - ASIENTO SECUNDARIO DE MATERIA - NOMBRE GEOGRAFICO
Nombre geográfico AMERICA DEL NORTE -
Subdivisión general HISTORIA -
Subdivisión cronológica 1815-
9 (RLIN) 2687
650 #4 - ASIENTO SECUNDARIO DE MATERIA - TERMINO TEMATICO
Término de materia o nombre geográfico como elemento de entrada ANGLOSAJONA, RAZA
9 (RLIN) 1043
905 ## - TIPO DE MATERIAL
Tipo de material Libro
Holdings
Estado de retiro Estado de pérdida Fuente del sistema de clasificación o colocación Estado dañado No para préstamo Código de colección Localización permanente Ubicación/localización actual Ubicación en estantería Total de préstamos Clasificación Código de barras Fecha visto por última vez Número de copia Tipo de ítem Koha
    Library of Congress Classification     Colección General Bib. Gregorio Torres Quintero Bib. Gregorio Torres Quintero Planta baja 2 E45 F6.28 1975 26299 31/12/2020 1 Libro
    Library of Congress Classification     Colección General Bib. Gregorio Torres Quintero Bib. Gregorio Torres Quintero Planta baja 1 E45 F6.28 1975 26298 31/12/2020 1 Libro
    Library of Congress Classification     Colección General Bib. Gregorio Torres Quintero Bib. Gregorio Torres Quintero Planta baja 2 E45 F6.28 1975 26301 31/12/2020 1 Libro
    Library of Congress Classification     Colección General Bib. Gregorio Torres Quintero Bib. Gregorio Torres Quintero Planta baja   E45 F6.28 1975 26300 31/12/2020 1 Libro